000 00500cam a2200193 4500
001 D8851
008 090401t1985 xxu||||| |||| 00| 0 eng d
035 _a(Sirsi) u15793
041 _aeng
050 _a693.5
100 _aSomerville, G.
245 _aEngineering aspects of alkali-silica reaction
260 _aWexham Springs, Slough
_bCement and Concrete Association
_c1985
300 _a7p. 30cm
350 _a0
490 _aInterim Technical Note
_v8
942 _n0
948 _c04/03/1997
999 _c87311
_d87311